| 000 | 00657cam a22001457a 4500 | ||
|---|---|---|---|
| 999 |
_c508361 _d508361 |
||
| 008 | 180718b1919- xxu||||| |||| 00| 0 eng d | ||
| 082 | _aA45:W71 1956-57 | ||
| 100 |
_aIndia. Department of Posts _93415 |
||
| 245 |
_aAnnual report, 1956-57 _cby Department of Posts |
||
| 260 |
_aNew Delhi _bGovernment of India Press _c1958 |
||
| 300 | _a136p. | ||
| 500 | _aLibrary has 1919/20-1929/30, 1931/32, 1935/36, 1949/50-1952/53, 1958/59-1959/60, 1961/62-1969/70, 1971/72-1986/87, 1988/89, 1990/91, 1992/93-1993/94, 1995/96-2009/10 | ||
| 650 |
_aPostal service - India:Ministry of Communications and Information Technology. Department of Posts _93658 |
||
| 942 | _2ddc | ||